000 00622nam a2200145Ia 4500
008 171212s9999 xx 000 0 und d
020 _a9780874216448
100 _aMilewski,
245 _cMilewski,
_aBefore the Manifesto
_bThe Life Writings of Mary Lois Walker Morris
260 _bUniversity Press of Colorado
_c2007
440 _aLife Writings of Frontier Women
650 _aHistory
650 _aMorris, Mary Lois Walker, 1835-1919; Mormon women -- Utah -- Salt Lake City -- Biography; Salt Lake City (Utah) -- Church history; Salt Lake City (Utah) -- History
856 _uwww.jstor.org/stable/10.2307/j.ctt4cgqgf
999 _c353035
_d353035